Housing and the Woolf Reforms. (Record no. 60945)
[ view plain ]
| 000 -LEADER | |
|---|---|
| fixed length control field | 00866cam a2200217 4500 |
| 001 - CONTROL NUMBER | |
| control field | ABS61232 |
| 008 - FIXED-LENGTH DATA ELEMENTS--GENERAL INFORMATION | |
| fixed length control field | 000000n1999 000 0 eng u |
| 035 ## - SYSTEM CONTROL NUMBER | |
| System control number | (Sirsi) u101835 |
| 100 ## - MAIN ENTRY--PERSONAL NAME | |
| Personal name | Madge, N. |
| 245 ## - TITLE STATEMENT | |
| Title | Housing and the Woolf Reforms. |
| 260 ## - PUBLICATION, DISTRIBUTION, ETC. | |
| Date of publication, distribution, etc. | 1999 |
| 490 ## - SERIES STATEMENT | |
| Series statement | New Law Journal |
| Volume/sequential designation | 149(6905) 24 September 1999, 1408-1409, 1411(3) |
| 520 ## - SUMMARY, ETC. | |
| Summary, etc. | Explains the provisions of the new Civil Procedure Rules (CPR) which have and impact on housing cases. This is an area of the CPR which has been subject to criticism. Looks at possession proceedings, costs in possession proceedings, disrepair and harassment cases and homelessness appeals. |
| 650 ## - SUBJECT ADDED ENTRY--TOPICAL TERM | |
| Topical term or geographic name entry element | HOUSING LAW |
| 650 ## - SUBJECT ADDED ENTRY--TOPICAL TERM | |
| Topical term or geographic name entry element | WOOLF REFORMS |
| 650 ## - SUBJECT ADDED ENTRY--TOPICAL TERM | |
| Topical term or geographic name entry element | CIVIL PROCEDURE RULES |
| 650 ## - SUBJECT ADDED ENTRY--TOPICAL TERM | |
| Topical term or geographic name entry element | REPOSSESSION |
| 650 ## - SUBJECT ADDED ENTRY--TOPICAL TERM | |
| Topical term or geographic name entry element | Dilapidations |
| 9 (RLIN) | 6235 |
| 690 ## - LOCAL SUBJECT ADDED ENTRY--TOPICAL TERM (OCLC, RLIN) | |
| Topical term or geographic name as entry element | PROPERTY-LANDLORD AND TENANT |
| 942 ## - ADDED ENTRY ELEMENTS (KOHA) | |
| Suppress in OPAC | 0 |
| Withdrawn status | Lost status | Source of classification or shelving scheme | Damaged status | Not for loan | Home library | Current library | Shelving location | Date acquired | Total Checkouts | Full call number | Barcode | Date last seen | Copy number | Price effective from | Koha item type |
|---|---|---|---|---|---|---|---|---|---|---|---|---|---|---|---|
| Dewey Decimal Classification | London | London | Journal article | 11/11/1999 | ABS61232 | 101835-1001 | 06/08/2019 | 1 | 06/08/2019 | Journal article |